The Mind Maps in Physiology (Record no. 1689)

MARC details
000 -LEADER
Fixed length control field 00882nam a22002537a 4500
003 - CONTROL NUMBER IDENTIFIER
Control field IIN
005 - DATE AND TIME OF LATEST TRANSACTION
Control field 20250324164522.0
008 - FIXED-LENGTH DATA ELEMENTS--GENERAL INFORMATION
Fixed length control field 250324b |||d|||| |||| 000 0 eng d
020 ## - INTERNATIONAL STANDARD BOOK NUMBER / ISBN
International Standard Book Number 9788131270615
020 ## - INTERNATIONAL STANDARD BOOK NUMBER / ISBN
International Standard Book Number eISBN: 9788131270622
040 ## - CATALOGING SOURCE
Original cataloging agency IIN
082 ## - DEWEY DECIMAL CLASSIFICATION NUMBER
Classification number 612
Book Number MAT
100 ## - MAIN ENTRY--PERSONAL NAME
Personal name Mathangi, Damal Chandrasekar
245 ## - TITLE STATEMENT
Title The Mind Maps in Physiology
Sub title complimentary with Guyton and Hall Textbook of Medical Physiology
Statement of responsibility Damal Chandrasekar Mathangi, Chinmay Jayprakash Shah and Swapnil Paralikar
246 ## - VARYING FORM OF TITLE
Title proper/short title Guyton and Hall Textbook of Medical Physiology
250 ## - EDITION STATEMENT
Edition statement 4th S.A. ed.
260 ## - IMPRINT
Place of publication New Delhi
Name of publisher Elsevier
Date of publication 2024
300 ## - PHYSICAL DESCRIPTION
Page / Vol. No ix, 127 p.
Other physical details ill.
500 ## - GENERAL NOTE
General note Complimentary book with Guyton and Hall Textbook of Medical Physiology
650 ## - SUBJECT ADDED ENTRY--TOPICAL TERM
Topical term Physiology
General subdivision Medical
700 ## - ADDED ENTRY--PERSONAL NAME
Personal name Shah, Chinmay Jayprakash
700 ## - ADDED ENTRY--PERSONAL NAME
Personal name Paralikar, Swapnil
942 ## - ADDED ENTRY ELEMENTS (KOHA)
Koha item type Books
Holdings
Withdrawn status Lost status Source of classification Damaged status Not for loan Collection code Home library Current library Shelving location Date acquired Total Checkouts Call number Accession number Date last seen Price effective from Koha item type
    Dewey Decimal Classification     Purches Book IDEAL INSTITUTE OF NURSING IDEAL INSTITUTE OF NURSING General Stacks 11/03/2025   612 MAT 1799 24/03/2025 24/03/2025 Books
© Ideal Institute Of Nursing, All rights reserved.         Powered by Koha